=LDR 00000nam 2200000 4500 =001 INLIS000000000016921 =005 20130612112136 =008 ***********************************Ind** =035 ##$$0010-061300000016921 =041 ##$$a Ind =082 ##$$a F Rom D =090 ##$$a F Rom D, Sam p =100 ##$$a Samiroh =245 ##$$a Pelarian cinta, Samiroh =260 ##$$a 2004 $b Yogyakarta =300 ##$$a vii,172 hlm, 19 cm =650 ##$$a Fiksi Dewasa-Indonesia =850 ##$$a NBPNMAT